Statistiche per Cognomi più diffusi in Liguria

Clicka qui per fare il quiz!

Statistiche generali

  • Questo quiz è stato fatto 7 volte
  • Il punteggio medio è 2 su 9

Statistiche sulle risposte

Cognome% Corretto
Rossi
86%
Parodi
57%
Bianchi
43%
Costa
14%
Ferrando
14%
Ferrari
14%
Bruzzone
0%
Canepa
0%
Traverso
0%

Distribuzione punteggi

Percentile per numero di risposta

Percentuale di utenti per punteggio

I tuoi punteggi nel tempo

Non hai fatto questo quiz